Collecção dos tratados, convenções, contratos e actos publicos celebrados entre a Coroa de Portugal e as mais potencias desde 1640 até ao presente / (Record no. 126548)
[ view plain ]
| 000 -LEADER | |
|---|---|
| campo de control de longitud fija | 00643nam a2200157 i 4500 |
| 001 - NÚMERO DE CONTROL | |
| campo de control | 126548 |
| 003 - IDENTIFICADOR DE NÚMERO DE CONTROL | |
| campo de control | ES-MaACL |
| 005 - FECHA Y HORA DE LA ÚLTIMA TRANSACCIÓN | |
| campo de control | 20230906192835.0 |
| 007 - CAMPO FIJO DE DESCRIPCIÓN FÍSICA--INFORMACIÓN GENERAL | |
| campo de control de longitud fija | t| |
| 008 - DATOS DE LONGITUD FIJA--INFORMACIÓN GENERAL | |
| campo de control de longitud fija | 070214m18561858po r ||||1| por d |
| 245 00 - MENCIÓN DEL TÍTULO | |
| Título | Collecção dos tratados, convenções, contratos e actos publicos celebrados entre a Coroa de Portugal e as mais potencias desde 1640 até ao presente / |
| Mención de responsabilidad, etc. | compilados, coordenados e annotados por José Ferreira Borges de Castro. |
| 260 ## - PUBLICACIÓN, DISTRIBUCIÓN, ETC. | |
| Lugar de publicación, distribución, etc. | Lisboa : |
| Nombre del editor, distribuidor, etc. | Imprensa Nacional, |
| Fecha de publicación, distribución, etc. | 1856-1858. |
| 300 ## - DESCRIPCIÓN FÍSICA | |
| Extensión | 8 v. ; |
| Dimensiones | 22 cm. |
| 600 14 - PUNTO DE ACCESO ADICIONAL DE MATERIA--NOMBRE DE PERSONA | |
| Nombre de persona | Castro, José Ferreira Borges de. |
| 9 (RLIN) | 160143 |
| 852 ## - LOCALIZACIÓN | |
| Ubicación | ES-MaACL |
| Número de control de estantería | R-2736-43 |
| Encuadernación | Olim:F-14469-76 |
| Estatus retirado | Estado de pérdida | Estado de daño | No para préstamo | Colección | Biblioteca de origen | Biblioteca actual | Ubicación en estantería | Fecha de adquisición | Fuente de adquisición | Total de préstamos | Signatura topográfica completa | Código de barras | Visto por última vez | Precio de reemplazo | Tipo de ítem Koha |
|---|---|---|---|---|---|---|---|---|---|---|---|---|---|---|---|
| Libros del s. XIX | Biblioteca del Ateneo de Madrid | Biblioteca del Ateneo de Madrid | Depósito | 12/07/2016 | R-2736-43 | 1195580 | 23/02/2023 | 23/02/2023 | Libro impreso antiguo |
